La integración latinoamericana: visiones regionales y subregionales /
Enregistré dans:
| Auteur principal: | |
|---|---|
| Autres auteurs: | |
| Format: | Inconnue |
| Publié: |
San José:
Juricentro. OBREAL. FLACSO
|
| Sujets: | |
| Tags: |
Ajouter un tag
Pas de tags, Soyez le premier à ajouter un tag!
|
MARC
| LEADER | 00000 a2200000 04500 | ||
|---|---|---|---|
| 001 | 35882 | ||
| 003 | |||
| 008 | 991231s d | ||
| 040 | |||
| 090 | |a 0001 S687i | ||
| 100 | |a Solís, Luis Guillermo | ||
| 245 | |a La integración latinoamericana: visiones regionales y subregionales / |c Luis Guillermo Solís | ||
| 260 | |a San José: |b Juricentro. OBREAL. FLACSO | ||
| 300 | |a 378 p. | ||
| 650 | |a RELACIONES EXTERIORES | ||
| 650 | |a INTEGRACION REGIONAL | ||
| 650 | |a UNION EUROPEA | ||
| 650 | |a AMERICA LATINA | ||
| 700 | |a | ||
| 700 | |a Rojas Aravena, Francisco | ||
| 700 | |a | ||
| 999 | |c 6347 |d 6347 | ||
